The singing mermaid / (Record no. 436)

MARC details
000 -LEADER
fixed length control field 00865cam a22002778a 4500
001 - CONTROL NUMBER
control field 4974302
005 - DATE AND TIME OF LATEST TRANSACTION
control field 20200129130616.0
008 - FIXED-LENGTH DATA ELEMENTS--GENERAL INFORMATION
fixed length control field 121210r20132012enka j 000 1 eng d
015 ## - NATIONAL BIBLIOGRAPHY NUMBER
National bibliography number GBB2C5290
Source bnb
020 ## - INTERNATIONAL STANDARD BOOK NUMBER
International Standard Book Number 9781447210856 (pbk.) :
Terms of availability £6.99
035 ## - SYSTEM CONTROL NUMBER
System control number (Uk)016229723
035 ## - SYSTEM CONTROL NUMBER
System control number 2827600
040 ## - CATALOGING SOURCE
Original cataloging agency StDuBDS
Language of cataloging eng
Transcribing agency StDuBDS
082 04 - DEWEY DECIMAL CLASSIFICATION NUMBER
Classification number 823.92
Edition information 23
100 1# - MAIN ENTRY--PERSONAL NAME
Personal name Donaldson, Julia.
245 14 - TITLE STATEMENT
Title The singing mermaid /
Statement of responsibility, etc. written by Julia Donaldson ; illustrated by Lydia Monks.
260 ## - PUBLICATION, DISTRIBUTION, ETC.
Place of publication, distribution, etc. London :
Name of publisher, distributor, etc. Macmillan Children's,
Date of publication, distribution, etc. 2013, c2012.
263 ## - PROJECTED PUBLICATION DATE
Projected publication date 201304
300 ## - PHYSICAL DESCRIPTION
Extent 1 v. :
Other physical details chiefly col. ill. ;
Dimensions 25 cm.
500 ## - GENERAL NOTE
General note Originally published: 2012.
650 #0 - SUBJECT ADDED ENTRY--TOPICAL TERM
Topical term or geographic name entry element Mermaids
Form subdivision Pictorial works
-- Juvenile fiction.
655 #7 - INDEX TERM--GENRE/FORM
Genre/form data or focus term Children's stories
Form subdivision Pictorial works.
Source of term gsafd
655 #0 - INDEX TERM--GENRE/FORM
Genre/form data or focus term Stories in rhyme.
700 1# - ADDED ENTRY--PERSONAL NAME
Personal name Monks, Lydia.
942 ## - ADDED ENTRY ELEMENTS (KOHA)
Koha item type Books
Holdings
Withdrawn status Lost status Damaged status Not for loan Collection Home library Current library Shelving location Date acquired Barcode Date last seen Price effective from Koha item type
        Fiction Centerville Centerville Children's area 01/05/2015 39999000019179 01/05/2015 01/05/2015 Books